Normal view MARC view

Entry Uniform Title

Number of records used in: 2

001 - CONTROL NUMBER

  • control field: 25876

003 - CONTROL NUMBER IDENTIFIER

  • control field: dpl

005 - DATE AND TIME OF LATEST TRANSACTION

  • control field: 20110211144843.0

008 - FIXED-LENGTH DATA ELEMENTS

  • fixed length control field: 110211|||a|||||| | ||| d

040 ## - CATALOGING SOURCE

  • Original cataloging agency: dpl
  • Transcribing agency: dpl

130 ## - HEADING--UNIFORM TITLE

  • Uniform title: नोबेल पुरस्कार प्राप्त साहित्यकार द्वारा रचित

670 ## - SOURCE DATA FOUND

  • Source citation: Work cat.: (dpl): 24598 ठाकुर, रवीन्द्रनाथ, लघु कहानियाँ /, 2011

670 ## - SOURCE DATA FOUND

  • Source citation: Work cat.: (dpl): 24598 ठाकुर, रवीन्द्रनाथ, लघु कहानियाँ /, 2011

© Delhi Public Library
Hit Counter
free hit counter